000 00904nam a2200265 4500
001 32688
003 AR-RoBPED
005 20260505171413.0
008 260504e2008 ag |||er|||| 001 1 spa d
020 _a9789875710627
040 _aAR-RoBPED
041 _aspa
100 1 _aSófocles, 496-406 a J.C.
_97815
245 1 _aTragedias /
_cSófocles ; estudio preliminar Isaac Zeiger ; traducción Iñaki Jarauta.
260 _aBuenos Aires :
_bGradifco,
_c2008.
300 _a335 p.
490 0 _a(Robles Plus)
505 _aTítulos: Antígona - Electra - Ayax - Las Traquinias - Edipo Rey - Edipo en colono - Filoctetes.
650 4 _aLITERATURA GRIEGA
_92140
650 4 _aTEATRO
_9241
700 _aZeiger, Isaac
_930846
_eestud. preliminar
700 _aJarauta, Iñaki
_930885
_etrad.
942 _2udc
_ak. 32688
_cBK
_h875-2
_mS 65
_pinv. 42422
945 _amm 04/05/2026 - cd 05/05/2026
999 _c32688
_d32688